Statistics for Auckland Mayoral Candidates 2022

Click here to take the quiz!

General Stats

  • This quiz has been taken 2 times
  • The average score is 7 of 23

Answer Stats

candidate statementcandidate% Correct
Council's job is core services not social servicesCraig {Lord}
100%
We can build a city we can all be proud to pass on to our children and future generationsEfeso {Collins}
100%
Listening and finding out the real issues affecting the quality of life for our peopleGary {Brown}
100%
Being a household name, I can't be anyone but myselfLisa {Lewis}
100%
Auckland needs a Mayor with the aspiration and drive to get things doneViv {Beck}
100%
Under my leadership we will get Auckland moving fasterWayne {Brown}
100%
This is a chance to develop a world-recognized city that you can live, work, play and learn inJohn {Palino}
50%
I really have tried. Gutsy Kiwi. Three Waters Reform. Yes. Regional fuel tax. No.Alezix {Heneti}
0%
We will make public transport free, protect trees, the ocean and empower communitiesDani {Riekwel}
0%
If the housing crisis is not solved, poverty and inequality will soar. Bring back the Kiwi DreamDavid {Feist}
0%
Take the city back from the few who strive to destroy itJames {Dunphy}
0%
No longer willing to tolerate the complete and total incompetence of our representativesJohn {Alcock}
0%
Waste all the money they get in, and when it runs out borrow using you to underwrite the loanJohn {Lehmann}
0%
Multi-ethnic, multi-cultural Auckland must be a society of racial equalityMichael {Coote}
0%
Fight 3-Waters legislation tooth & nailMichael {Kampkes}
0%
I am the only candidate representing the underclassMichael {Morris}
0%
Vision: An Awesome Auckland to live, work, play, and visit!Pete {Mazany}
0%
Join the fight! Make a stand! Vote for the lives of the Unborn!Phil {O'Connor}
0%
I want to make Auckland a more culturally diverse, safe, vibrantRobert {Hong Hu}
0%
The phaze-out of speed bumps that waste a tiny teaspoon of fuel each time we accelerate awayRyan {Pausina}
0%
More housing, less red tape, effective rail systemTed {Johnston}
0%
Cancel the unscientific nonsense 'climate change' Action PlanTony {Corbett}
0%
Council must not bow to a global medical tyranny that divides and segregatesTricia {Cheel}
0%

Score Distribution

Percentile by Number Answered

Percent of People with Each Score

Your Score History

You have not taken this quiz